[Event "RUS-ch Men Rapid 2019"]
[Site "Sochi"]
[Date "2019.10.16"]
[Round "10.14"]
[White "Popov, Valerij"]
[Black "Tekeyev, Zaur"]
[Result "0-1"]
[WhiteElo "2535"]
[BlackElo "2384"]
[Annotator "ChessBase"]
[PlyCount "74"]
[EventDate "2019.10.15"]
[EventType "swiss"]
[EventCountry "RUS"]
[SourceTitle "playchess.com"]
[Source "ChessBase"]
[SourceQuality "1"]
[TimeControl "900+10"]

1. c4 {[%emt 0:00:00]} e5 {[%emt 0:00:00]} 2. g3 {[%emt 0:00:00]} Nc6 {[%emt 0:00:04]} 3. Nc3 {[%emt 0:00:00]} Bc5 {[%emt 0:00:03]} 4. Bg2 {[%emt 0:00:00]} a6 {[%emt 0:00:06]} 5. e3 {[%emt 0:00:01]} d6 {[%emt 0:00:08]} 6. Nge2 {[%emt 0:00:04]} Ba7 {[%emt 0:00:03]} 7. a3 {[%emt 0:00:06]} h5 {[%emt 0:00:02]} 8. b4 {[%emt 0:00:04]} h4 {[%emt 0:00:06]} 9. Bb2 {[%emt 0:00:03]} Bf5 {[%emt 0:00:55]} 10. d4 {[%emt 0:00:33]} Nf6 {[%emt 0:01:30]} 11. Bxc6+ {[%emt 0:04:16]} bxc6 {[%emt 0:00:02]} 12. dxe5 {[%emt 0:00:01]} Ng4 {[%emt 0:02:06]} 13. Nd4 {[%emt 0:07:57]} Bxd4 {[%emt 0:01:36]} 14. exd4 {[%emt 0:00:27]} hxg3 {[%emt 0:01:05]} 15. fxg3 {[%emt 0:00:02]} dxe5 {[%emt 0:00:23]} 16. Qf3 {[%emt 0:00:12]} exd4 {[%emt 0:04:15]} 17. Qxf5 {[%emt 0:00:29]} dxc3 {[%emt 0:00:05]} 18. Bxc3 {[%emt 0:01:17]} Qe7+ {[%emt 0:00:29]} 19. Kd2 {[%emt 0:00:02]} Ne3 {[%emt 0:03:33]} 20. Qf4 {[%emt 0:00:13]} Rd8+ {[%emt 0:01:01]} 21. Kc1 {[%emt 0:00:17]} Rh6 {[%emt 0:00:20]} 22. Bxg7 {[%emt 0:01:28]} Re6 {[%emt 0:00:07]} 23. Re1 {[%emt 0:00:14]} Re4 {[%emt 0:00:19]} 24. Qf3 {[%emt 0:00:20]} Rxc4+ {[%emt 0:00:20]} 25. Kb1 {[%emt 0:00:03]} Rd3 {[%emt 0:00:10]} 26. Ra2 {[%emt 0:00:10]} Re4 {[%emt 0:00:20]} 27. Rae2 {[%emt 0:00:17]} Rb3+ {[%emt 0:00:08]} 28. Bb2 {[%emt 0:00:04]} Qe6 {[%emt 0:00:09]} 29. Qh5 {[%emt 0:00:28]} Kd7 {[%emt 0:00:13]} 30. Qc5 {[%emt 0:00:13]} Kc8 {[%emt 0:00:07]} 31. Qa7 {[%emt 0:00:16]} f5 {[%emt 0:00:11]} 32. Qa8+ {[%emt 0:00:12]} Kd7 {[%emt 0:00:02]} 33. Qxa6 {[%emt 0:00:07]} Nc4 {[%emt 0:00:09]} 34. Rd1+ {[%emt 0:00:25]} Ke7 {[%emt 0:00:05]} 35. Rxe4 {[%emt 0:00:14]} Qxe4+ 36. Ka1 Nxb2 {[%emt 0:00:23]} 37. Rc1 {[%emt 0:00:16]} Nd3 {[%emt 0:00:12]} 0-1

[Event "RUS-ch Men Rapid 2019"]
[Site "Sochi"]
[Date "2019.10.16"]
[Round "10.15"]
[White "Apryshko, Gleb"]
[Black "Triapishko, Alexandr"]
[Result "0-1"]
[WhiteElo "2382"]
[BlackElo "2514"]
[Annotator "ChessBase"]
[PlyCount "87"]
[EventDate "2019.10.15"]
[EventType "swiss"]
[EventCountry "RUS"]
[SourceTitle "playchess.com"]
[Source "ChessBase"]
[SourceQuality "1"]
[TimeControl "900+10"]

1. g3 {[%emt 0:00:07]} Nf6 {[%emt 0:00:41]} 2. Bg2 {[%emt 0:00:02]} e5 {[%emt 0:00:22]} 3. d3 {[%emt 0:00:05]} d5 {[%emt 0:00:40]} 4. Nd2 {[%emt 0:01:09]} Nc6 {[%emt 0:01:26]} 5. e3 {[%emt 0:00:09]} g6 {[%emt 0:00:36]} 6. Ne2 {[%emt 0:00:09]} Bg7 {[%emt 0:00:05]} 7. h3 {[%emt 0:00:10]} O-O {[%emt 0:00:28]} 8. O-O {[%emt 0:00:04]} a5 {[%emt 0:00:35]} 9. f4 {[%emt 0:00:03]} exf4 {[%emt 0:01:53]} 10. Nxf4 {[%emt 0:00:26]} Re8 {[%emt 0:01:08]} 11. Kh2 {[%emt 0:02:17]} a4 {[%emt 0:00:29]} 12. a3 {[%emt 0:00:01]} Qd6 {[%emt 0:02:48]} 13. c4 {[%emt 0:00:27]} d4 {[%emt 0:01:31]} 14. Nd5 {[%emt 0:01:03]} Nh5 {[%emt 0:01:10]} 15. Qf3 {[%emt 0:00:41]} Ne5 {[%emt 0:00:22]} 16. Qf2 {[%emt 0:00:20]} dxe3 {[%emt 0:01:05]} 17. Nxe3 {[%emt 0:00:03]} f5 {[%emt 0:00:16]} 18. Nd5 {[%emt 0:08:39]} Nxd3 {[%emt 0:00:21]} 19. c5 {[%emt 0:00:01]} Qd8 {[%emt 0:00:15]} 20. Qf3 {[%emt 0:00:38]} Ne5 {[%emt 0:00:19]} 21. Qd1 {[%emt 0:00:36]} Be6 {[%emt 0:00:16]} 22. Nb1 {[%emt 0:01:07]} c6 {[%emt 0:00:27]} 23. Nb6 {[%emt 0:00:03]} Qxd1 {[%emt 0:00:08]} 24. Rxd1 {[%emt 0:00:01]} Rad8 {[%emt 0:00:02]} 25. Rxd8 {[%emt 0:00:16]} Rxd8 {[%emt 0:00:01]} 26. Nc3 {[%emt 0:00:16]} Nd3 {[%emt 0:00:18]} 27. Bg5 {[%emt 0:00:06]} Re8 {[%emt 0:00:10]} 28. Ncxa4 {[%emt 0:00:23]} Be5 {[%emt 0:00:12]} 29. Rd1 {[%emt 0:00:17]} Bxg3+ {[%emt 0:00:59]} 30. Kg1 {[%emt 0:00:08]} Bf2+ {[%emt 0:00:05]} 31. Kh2 {[%emt 0:00:12]} Nxc5 {[%emt 0:00:08]} 32. Nxc5 {[%emt 0:00:07]} Bxc5 {[%emt 0:00:04]} 33. Nd7 {[%emt 0:00:04]} Be7 {[%emt 0:00:38]} 34. h4 {[%emt 0:00:10]} Bxg5 {[%emt 0:00:15]} 35. hxg5 {[%emt 0:00:00]} Kf7 {[%emt 0:00:04]} 36. Nc5 {[%emt 0:00:12]} Bc8 {[%emt 0:00:08]} 37. Bf1 {[%emt 0:00:18]} Nf4 {[%emt 0:00:16]} 38. Bc4+ {[%emt 0:00:10]} Ke7 {[%emt 0:00:19]} 39. Kg3 {[%emt 0:00:15]} Nh5+ {[%emt 0:00:11]} 40. Kf3 {[%emt 0:00:07]} b6 {[%emt 0:00:11]} 41. Nd3 {[%emt 0:00:16]} Rd8 {[%emt 0:00:14]} 42. Re1+ {[%emt 0:00:03]} Kf8 {[%emt 0:00:08]} 43. Ne5 {[%emt 0:00:14]} Rd4 {[%emt 0:00:05]} 44. b3 {[%emt 0:00:25]} 0-1

[Event "RUS-ch Men Rapid 2019"]
[Site "Sochi"]
[Date "2019.10.16"]
[Round "10.16"]
[White "Truskavetsky, Alexandr"]
[Black "Savchenko, Boris"]
[Result "0-1"]
[WhiteElo "2370"]
[BlackElo "2581"]
[Annotator "ChessBase"]
[PlyCount "130"]
[EventDate "2019.10.15"]
[EventType "swiss"]
[EventCountry "RUS"]
[SourceTitle "playchess.com"]
[Source "ChessBase"]
[SourceQuality "1"]
[TimeControl "900+10"]

1. c4 {[%emt 0:00:00]} e6 {[%emt 0:00:00]} 2. g3 {[%emt 0:00:00]} d5 {[%emt 0:00:02]} 3. Bg2 {[%emt 0:00:01]} Nf6 {[%emt 0:00:03]} 4. Nf3 {[%emt 0:00:02]} d4 {[%emt 0:00:02]} 5. O-O {[%emt 0:00:18]} Nc6 {[%emt 0:00:02]} 6. e3 {[%emt 0:00:24]} Bc5 {[%emt 0:00:02]} 7. b4 {[%emt 0:01:35]} Nxb4 {[%emt 0:01:40]} 8. exd4 {[%emt 0:00:17]} Be7 {[%emt 0:00:03]} 9. d3 {[%emt 0:00:38]} O-O {[%emt 0:00:18]} 10. Nc3 {[%emt 0:00:31]} Nc6 {[%emt 0:00:41]} 11. Be3 {[%emt 0:00:50]} Ng4 {[%emt 0:00:17]} 12. d5 {[%emt 0:01:01]} exd5 {[%emt 0:00:07]} 13. Nxd5 {[%emt 0:00:06]} Nxe3 {[%emt 0:00:03]} 14. fxe3 {[%emt 0:00:08]} Bd6 {[%emt 0:00:10]} 15. d4 {[%emt 0:00:54]} Ne7 {[%emt 0:00:20]} 16. Nxe7+ {[%emt 0:02:35]} Bxe7 {[%emt 0:00:06]} 17. e4 {[%emt 0:00:19]} Bg4 {[%emt 0:00:50]} 18. e5 {[%emt 0:01:34]} Qd7 {[%emt 0:00:03]} 19. Qd2 {[%emt 0:01:25]} Rad8 {[%emt 0:01:15]} 20. d5 {[%emt 0:00:06]} Bc5+ {[%emt 0:06:22]} 21. Kh1 {[%emt 0:00:02]} c6 {[%emt 0:00:02]} 22. e6 {[%emt 0:01:20]} Bxe6 {[%emt 0:00:11]} 23. Qa5 {[%emt 0:00:23]} cxd5 {[%emt 0:00:22]} 24. Qxc5 {[%emt 0:00:15]} b6 {[%emt 0:00:03]} 25. Qe3 {[%emt 0:00:42]} dxc4 {[%emt 0:00:04]} 26. Ne5 {[%emt 0:01:03]} Qd2 {[%emt 0:00:22]} 27. Qxd2 {[%emt 0:01:30]} Rxd2 {[%emt 0:00:03]} 28. Rfc1 {[%emt 0:00:30]} Rc8 {[%emt 0:00:23]} 29. a4 {[%emt 0:00:44]} c3 {[%emt 0:00:32]} 30. Nf3 {[%emt 0:00:25]} Rd5 {[%emt 0:00:21]} 31. Kg1 {[%emt 0:00:17]} a6 {[%emt 0:00:35]} 32. Rab1 {[%emt 0:00:13]} h6 {[%emt 0:02:10]} 33. Kf2 {[%emt 0:00:02]} Rd6 {[%emt 0:00:02]} 34. Rb4 {[%emt 0:00:10]} Bd7 {[%emt 0:00:21]} 35. Ke3 {[%emt 0:00:14]} a5 {[%emt 0:00:45]} 36. Rd4 {[%emt 0:00:02]} Rxd4 {[%emt 0:00:05]} 37. Kxd4 {[%emt 0:00:02]} c2 {[%emt 0:00:02]} 38. Ne5 {[%emt 0:00:28]} Bxa4 {[%emt 0:00:09]} 39. Nc4 {[%emt 0:00:02]} Rd8+ {[%emt 0:01:23]} 40. Kc3 {[%emt 0:00:01]} Rd1 {[%emt 0:00:01]} 41. Kb2 {[%emt 0:00:01]} Rd3 {[%emt 0:00:02]} 42. Be4 {[%emt 0:00:32]} Rb3+ {[%emt 0:00:13]} 43. Ka2 {[%emt 0:00:01]} Rb4 {[%emt 0:00:01]} 44. Bxc2 {[%emt 0:00:06]} Rxc4 {[%emt 0:00:02]} 45. Bh7+ {[%emt 0:00:02]} Kxh7 {[%emt 0:00:01]} 46. Rxc4 {[%emt 0:00:01]} Bd7 {[%emt 0:00:03]} 47. Rc7 {[%emt 0:00:16]} Be6+ {[%emt 0:00:02]} 48. Kb2 {[%emt 0:00:20]} b5 {[%emt 0:00:01]} 49. Ra7 {[%emt 0:00:28]} a4 {[%emt 0:00:02]} 50. Kc3 {[%emt 0:00:03]} Kg6 {[%emt 0:00:05]} 51. Kb4 {[%emt 0:00:10]} Bc4 {[%emt 0:00:02]} 52. Ra8 {[%emt 0:00:15]} Kg5 {[%emt 0:00:08]} 53. Rg8 {[%emt 0:00:14]} g6 {[%emt 0:00:02]} 54. Rd8 {[%emt 0:00:03]} Kg4 {[%emt 0:00:12]} 55. Rd2 {[%emt 0:00:06]} g5 {[%emt 0:00:38]} 56. Rf2 {[%emt 0:00:04]} f5 {[%emt 0:00:01]} 57. Rd2 {[%emt 0:00:20]} f4 {[%emt 0:00:09]} 58. gxf4 {[%emt 0:00:10]} Kxf4 {[%emt 0:00:02]} 59. Rd6 {[%emt 0:00:10]} h5 {[%emt 0:00:01]} 60. Ra6 {[%emt 0:00:06]} h4 {[%emt 0:00:04]} 61. Kc5 {[%emt 0:00:04]} Kg4 {[%emt 0:00:08]} 62. Kd4 {[%emt 0:00:04]} Kh3 {[%emt 0:00:01]} 63. Ke3 {[%emt 0:00:34]} Kxh2 {[%emt 0:00:02]} 64. Kf3 {[%emt 0:00:09]} Kh3 {[%emt 0:00:03]} 65. Rg6 {[%emt 0:00:08]} g4+ {[%emt 0:00:02]} 0-1

[Event "RUS-ch Men Rapid 2019"]
[Site "Sochi"]
[Date "2019.10.16"]
[Round "10.17"]
[White "Morozevich, Alexander"]
[Black "Ivlev, Aleksey"]
[Result "1/2-1/2"]
[WhiteElo "2659"]
[BlackElo "2292"]
[Annotator "TA"]
[PlyCount "103"]
[EventDate "2019.10.15"]
[EventType "swiss"]
[EventCountry "RUS"]
[SourceTitle "playchess.com"]
[Source "ChessBase"]
[SourceQuality "1"]

{[%evp 14,103,12,-16,0,0,0,-12,13,3,30,0,35,30,68,54,67,56,58,62,77,58,74,104,91,62,64,57,62,36,36,36,36,36,36,36,39,39,51,52,37,51,48,52,64,59,63,0,0,-18,-11,-37,-12,-43,-29,-33,-30,-50,-50,-43,-47,-38,-13,-34,-20,-85,-85,-80,-75,-131,-140,-160,-152,-151,-66,-34,-28,-28,-28,-80,-80,-85,0,0,0,0,0,0,0,0,0,-396]} 1. e4 e5 2. Nf3 Nc6 3. d4 exd4 4. Nxd4 Nf6 5. Nxc6 bxc6 6. e5 Qe7 7. Qe2 Nd5 8. h4 d6 {C45: Scotch Game} 9. c4 Nb6 10. exd6 Qxe2+ (10... cxd6 {is interesting.} 11. Be3 Be6 12. Nd2 Qb7 13. Rc1 Be7) 11. Bxe2 cxd6 12. b3 $146 ({Predecessor:} 12. Nc3 Be6 13. b3 d5 14. cxd5 Nxd5 15. Bd2 Rd8 16. Ne4 {½-½ (48) Nepomniachtchi,I (2732)-So,W (2812) Leuven 2017}) 12... Bd7 13. Bb2 O-O-O 14. Nc3 Re8 15. O-O-O h5 16. Bf3 Rh6 17. Rhe1 Kc7 18. Rxe8 Bxe8 19. Re1 (19. Ne4 {with more complications.} f6 20. Ba3 c5 21. Kc2 Bg6 22. Bc1) 19... Re6 20. Rxe6 fxe6 21. Ne2 g6 22. Nd4 Bh6+ 23. Kd1 e5 24. Ne6+ Kd7 25. Ng5 Bg7 26. Be2 Nc8 27. f4 Ne7 28. fxe5 dxe5 29. Ne4 Nf5 30. Bc1 (30. g3 $1 $14) 30... Nxh4 $11 31. g3 Nf5 32. Ke1 Bf7 33. Kf2 Nd4 34. Bd3 Bf8 35. Bg5 Be7 36. Bxe7 Kxe7 $15 {[%mdl 4096] Endgame KBN-KBN} 37. b4 Nf5 38. a4 Nd6 39. Nd2 {[#]} (39. c5 $11 Nxe4+ 40. Bxe4) 39... c5 $1 $17 {[%cal Rc5b4][%mdl 512]} 40. bxc5 {[#]} Nb7 $1 41. Ne4 (41. Nb3 $142) 41... Be8 42. Bc2 Bc6 43. Ke3 Ke6 (43... a5 $17 44. Nc3 g5) 44. Nc3 $15 Nxc5 {And now ...g5 would win.} 45. Bxg6 Nxa4 46. Nxa4 (46. Nb5 $1 $11) 46... Bxa4 $17 47. Bxh5 $15 {[#] KB-KB} Kd6 (47... Bc6 $1 $17) 48. g4 $11 {The position is equal.} Bd1 49. Kd2 $1 {[%cal Rd2d1]} Bf3 50. Ke3 Bd1 51. Kd2 $1 {[%cal Rd2d1]} Bf3 52. Ke1 $2 {[%mdl 40960] Accuracy: White = 52%, Black = 44%. . An unexpected result.} (52. Ke3 $11 {and White stays safe.} Bd1) 1/2-1/2

[Event "RUS-ch Men Rapid 2019"]
[Site "Sochi"]
[Date "2019.10.16"]
[Round "10.18"]
[White "Gogolev, Artem"]
[Black "Zakhartsov, Vladimir"]
[Result "0-1"]
[WhiteElo "2328"]
[BlackElo "2514"]
[Annotator "ChessBase"]
[PlyCount "72"]
[EventDate "2019.10.15"]
[EventType "swiss"]
[EventCountry "RUS"]
[SourceTitle "playchess.com"]
[Source "ChessBase"]
[SourceQuality "1"]
[TimeControl "900+10"]

1. d4 {[%emt 0:00:00]} Nf6 {[%emt 0:00:00]} 2. c4 {[%emt 0:00:00]} g6 {[%emt 0:00:00]} 3. Nc3 {[%emt 0:00:00]} d5 {[%emt 0:00:00]} 4. cxd5 {[%emt 0:00:00]} Nxd5 {[%emt 0:00:00]} 5. Nf3 {[%emt 0:00:05]} Bg7 {[%emt 0:00:00]} 6. Qa4+ {[%emt 0:00:02]} Nc6 {[%emt 0:00:21]} 7. e4 {[%emt 0:00:10]} Nb6 {[%emt 0:00:06]} 8. Qc2 {[%emt 0:00:24]} O-O {[%emt 0:02:00]} 9. d5 {[%emt 0:00:33]} Na5 {[%emt 0:00:13]} 10. Be2 {[%emt 0:00:30]} c6 {[%emt 0:00:09]} 11. dxc6 {[%emt 0:00:16]} Nxc6 {[%emt 0:00:01]} 12. O-O {[%emt 0:00:09]} Bg4 {[%emt 0:00:24]} 13. Rd1 {[%emt 0:00:51]} Qe8 {[%emt 0:00:08]} 14. Be3 {[%emt 0:02:15]} Rc8 {[%emt 0:00:14]} 15. Nd4 {[%emt 0:02:05]} Ne5 {[%emt 0:00:35]} 16. f3 {[%emt 0:00:18]} Bd7 {[%emt 0:00:03]} 17. Rac1 {[%emt 0:00:31]} Nec4 {[%emt 0:00:19]} 18. Bxc4 {[%emt 0:00:59]} Nxc4 {[%emt 0:00:04]} 19. Qe2 {[%emt 0:00:03]} Nxe3 {[%emt 0:00:23]} 20. Qxe3 {[%emt 0:00:01]} e6 {[%emt 0:00:22]} 21. e5 {[%emt 0:02:06]} Qe7 {[%emt 0:00:30]} 22. f4 {[%emt 0:01:42]} Qb4 {[%emt 0:00:08]} 23. b3 {[%emt 0:00:34]} Qa5 {[%emt 0:01:17]} 24. a4 {[%emt 0:01:33]} g5 {[%emt 0:05:34]} 25. g3 {[%emt 0:01:00]} gxf4 {[%emt 0:00:22]} 26. gxf4 {[%emt 0:00:02]} f6 {[%emt 0:00:20]} 27. Nf5 {[%emt 0:02:00]} exf5 {[%emt 0:00:40]} 28. Rxd7 {[%emt 0:00:02]} fxe5 {[%emt 0:00:07]} 29. Nd5 {[%emt 0:01:09]} Rxc1+ {[%emt 0:01:11]} 30. Qxc1 {[%emt 0:00:01]} Kh8 {[%emt 0:00:08]} 31. Ne7 {[%emt 0:00:19]} Qb6+ {[%emt 0:00:14]} 32. Kg2 {[%emt 0:00:15]} Qxb3 {[%emt 0:00:15]} 33. Qe1 {[%emt 0:00:22]} Qxa4 {[%emt 0:00:19]} 34. Rc7 {[%emt 0:00:09]} Qxf4 {[%emt 0:00:15]} 35. Rxb7 {[%emt 0:00:05]} e4 {[%emt 0:00:12]} 36. Rxa7 {[%emt 0:00:06]} Qf3+ {[%emt 0:00:03]} 0-1

[Event "RUS-ch Men Rapid 2019"]
[Site "Sochi"]
[Date "2019.10.16"]
[Round "10.19"]
[White "Sadovsky, Artem"]
[Black "Lugovskoy, Maxim"]
[Result "0-1"]
[WhiteElo "2411"]
[BlackElo "2436"]
[Annotator "TA"]
[PlyCount "150"]
[EventDate "2019.10.15"]
[EventType "swiss"]
[EventCountry "RUS"]
[SourceTitle "playchess.com"]
[Source "ChessBase"]
[SourceQuality "1"]

{[%evp 11,150,17,18,-8,0,-11,50,56,48,38,123,131,132,150,153,154,145,138,125,119,134,97,107,27,29,27,27,15,18,9,72,43,46,47,53,19,79,78,85,85,194,200,200,188,183,35,35,33,39,38,45,0,0,0,0,0,0,-18,-18,-18,-13,-18,-18,-18,-18,-233,-255,-232,-246,-278,-122,-170,-145,-138,-127,-127,-127,-127,-127,-127,-127,-126,-118,-115,-110,-118,-124,-264,-181,-181,-181,-159,-115,-115,-115,-154,-138,-181,-181,-924,-181,-196,-181,-210,-191,-620,-592,-765,-925,-850,-798,-805,-722,-608,-481,-1446,-1101,-2387,-2036,-12836,-7041,-1816,-1421,-1574,-1420,-12846,-12846,-12851,-12851,-12851,-12851,-12851,-12851,-12851,-27999,-12851,-12851,-12851,-27999,-12851,-27998]} 1. Nf3 d5 2. g3 Nf6 3. Bg2 e6 4. O-O Be7 5. c4 O-O 6. b3 d4 7. Bb2 {A14: English Opening: 1...e6 with b3 by White} (7. e3 c5 8. exd4 cxd4 9. Re1 Nc6 10. Bb2 Bd6 11. Nxd4 Nxd4 12. Bxd4 Bxg3 13. hxg3 Qxd4 14. Nc3 Ng4 15. Qf3 f5 16. Nb5 Qb6 17. Qf4 e5 18. Rxe5 Nxe5 19. Qxe5 {1-0 (37) Artemiev,V (2761)-Korobov,A (2687) Poikovsky 2019}) 7... c5 8. b4 Qc7 (8... Nc6 $11) 9. bxc5 $14 {White is slightly better.} e5 10. e3 Bxc5 $146 (10... Bg4 $14) ({Predecessor:} 10... Bg4 11. h3 Bxf3 12. Qxf3 Nc6 13. exd4 exd4 14. d3 Bxc5 15. Nd2 {1-0 (41) Bayer,B (2382)-Unger,M (2089) Bayern 2009}) 11. exd4 $16 exd4 12. Nxd4 Bxd4 13. Bxd4 Qxc4 14. Bxf6 $1 gxf6 15. Nc3 Nc6 16. Qh5 Qg4 17. Qxg4+ (17. Nd5 $16 Kg7 18. Nf4 {[%mdl 64] Decoy}) 17... Bxg4 $11 18. Rab1 Rab8 19. Ne4 Kg7 20. Nd6 Be2 (20... Na5 $11) 21. Rfc1 Nd4 22. Rb4 $36 {[%mdl 2048] White is more active.} Nf3+ 23. Kh1 (23. Bxf3 $5 Bxf3 24. Nf5+ Kh8 25. Rc3 $14) 23... Rbd8 (23... Rfd8 $1 $11 24. Rg4+ Kf8) 24. Nf5+ $16 ({Much weaker is} 24. Nxb7 Rxd2 25. Rbb1 Ne5 $15) 24... Kh8 25. Rxb7 Ne5 (25... h5 $16 {might work better.}) 26. d4 $18 Nd3 27. Rc2 Rfe8 {[#] Threatens to win with ...Bd1.} 28. Re7 (28. h3 $18) 28... Bg4 $1 $14 {[%cal Rg4f5]} 29. Be4 Rxe7 30. Nxe7 Rxd4 31. Nf5 {Intending Rc8+ and mate.} (31. f3 $5 {[%cal Rf3g4]} Be6 32. Nc6 $14) 31... Nxf2+ 32. Kg2 {White threatens Rc8+ and mate.} Bxf5 $1 33. Bxf5 $11 {[%mdl 4096] Endgame KRB-KRN} Ne4 34. Rc7 Nd6 35. Bc2 Rd2+ 36. Kh3 Nb5 37. Rc5 Nd4 38. Be4 $2 (38. Bb3 $1 $11) 38... Ne6 $19 ({Weaker is} 38... Rxa2 39. Bd5 $17) 39. Rc8+ Kg7 40. Bb1 h5 (40... Ng5+ $19 {and Black stays clearly on top.} 41. Kg4 Rxh2) 41. g4 Ng5+ 42. Kg3 Rd1 43. Bf5 {[#]} Rg1+ $1 44. Kf2 Nh3+ 45. Kf3 h4 46. Rc7 Ng5+ 47. Kf2 Rh1 48. Kg2 Rd1 49. Rxa7 (49. Rc2 $17 {was the only chance.}) 49... Rd2+ 50. Kf1 Rxh2 51. Ra3 h3 52. Kg1 Rg2+ 53. Kh1 Rf2 {...Nf3 is the strong threat.} 54. Rg3 Rxa2 55. Bd7 $2 (55. Bc8) 55... Rc2 $2 (55... Ne4 56. Rg1 Kh6) 56. Ba4 Rc4 57. Bb3 Rd4 58. Kh2 $2 (58. Bc2) 58... Kf8 59. Re3 Rxg4 60. Bd5 Rd4 61. Bc6 Rd2+ 62. Kg3 Kg7 63. Bb7 (63. Rb3 $142) 63... f5 64. Ra3 h2 65. Ra1 Ne4+ 66. Kf4 Rf2+ 67. Ke3 Rb2 68. Bxe4 fxe4 69. Kxe4 {KR-KR} Rb4+ 70. Kf3 Rh4 71. Rh1 Kg6 72. Kg3 Kg5 73. Kf3 Rh3+ 74. Kg2 Kg4 75. Kf2 Ra3 {Accuracy: White = 30%, Black = 51%.} (75... f6 $19 76. Kg2 f5) 0-1

[Event "RUS-ch Men Rapid 2019"]
[Site "Sochi"]
[Date "2019.10.16"]
[Round "10.20"]
[White "Shubin, Kirill"]
[Black "Khegay, Dmitriy"]
[Result "1/2-1/2"]
[WhiteElo "2416"]
[BlackElo "2509"]
[Annotator "ChessBase"]
[PlyCount "107"]
[EventDate "2019.10.15"]
[EventType "swiss"]
[EventCountry "RUS"]
[SourceTitle "playchess.com"]
[Source "ChessBase"]
[SourceQuality "1"]
[TimeControl "900+10"]

1. e4 {[%emt 0:00:00]} Nc6 {[%emt 0:00:00]} 2. Nf3 {[%emt 0:00:00]} d6 {[%emt 0:00:00]} 3. d4 {[%emt 0:00:03]} Nf6 {[%emt 0:00:00]} 4. Nc3 {[%emt 0:00:04]} g6 {[%emt 0:00:00]} 5. h3 {[%emt 0:00:08]} Bg7 {[%emt 0:00:00]} 6. Be3 {[%emt 0:00:01]} O-O {[%emt 0:00:01]} 7. Qd2 {[%emt 0:00:01]} e5 {[%emt 0:00:02]} 8. dxe5 {[%emt 0:00:13]} Nxe5 {[%emt 0:00:02]} 9. Nxe5 {[%emt 0:00:08]} dxe5 {[%emt 0:00:01]} 10. O-O-O {[%emt 0:00:03]} Be6 {[%emt 0:00:38]} 11. Qxd8 {[%emt 0:00:23]} Rfxd8 {[%emt 0:00:02]} 12. Be2 {[%emt 0:00:02]} a6 {[%emt 0:00:09]} 13. Bf3 {[%emt 0:00:21]} h6 {[%emt 0:01:28]} 14. g4 {[%emt 0:00:52]} Bf8 {[%emt 0:00:13]} 15. g5 {[%emt 0:00:24]} Rxd1+ {[%emt 0:00:39]} 16. Bxd1 {[%emt 0:00:36]} hxg5 {[%emt 0:01:59]} 17. Bxg5 {[%emt 0:00:02]} Nh7 {[%emt 0:00:51]} 18. Be3 {[%emt 0:00:03]} Bb4 {[%emt 0:00:09]} 19. Nd5 {[%emt 0:00:56]} Bxd5 {[%emt 0:00:22]} 20. exd5 {[%emt 0:00:01]} b6 {[%emt 0:00:24]} 21. c4 {[%emt 0:00:16]} Bc5 {[%emt 0:00:03]} 22. Bxc5 {[%emt 0:00:31]} bxc5 {[%emt 0:00:01]} 23. Re1 {[%emt 0:00:30]} f6 {[%emt 0:03:20]} 24. Re3 {[%emt 0:00:14]} Kf7 {[%emt 0:00:13]} 25. Ra3 {[%emt 0:00:58]} a5 {[%emt 0:00:01]} 26. h4 {[%emt 0:01:18]} Ke7 {[%emt 0:00:05]} 27. Rg3 {[%emt 0:01:31]} Nf8 {[%emt 0:02:10]} 28. Ba4 {[%emt 0:01:44]} f5 {[%emt 0:01:24]} 29. Bc6 {[%emt 0:01:25]} Ra6 {[%emt 0:00:01]} 30. h5 {[%emt 0:01:43]} Kf6 {[%emt 0:01:07]} 31. hxg6 {[%emt 0:00:40]} Nxg6 {[%emt 0:00:01]} 32. Rh3 {[%emt 0:00:26]} Nf4 {[%emt 0:01:15]} 33. Rh7 {[%emt 0:00:25]} Nd3+ {[%emt 0:00:01]} 34. Kd2 {[%emt 0:00:29]} Nxf2 {[%emt 0:00:10]} 35. Rxc7 {[%emt 0:00:05]} Ne4+ {[%emt 0:00:28]} 36. Ke3 {[%emt 0:00:04]} Rb6 {[%emt 0:00:41]} 37. Bb5 {[%emt 0:00:38]} Rb8 {[%emt 0:00:01]} 38. Rc6+ {[%emt 0:00:06]} Kg5 {[%emt 0:00:05]} 39. Re6 {[%emt 0:00:16]} Nf6 {[%emt 0:01:21]} 40. d6 {[%emt 0:00:44]} f4+ {[%emt 0:00:47]} 41. Ke2 {[%emt 0:00:26]} e4 {[%emt 0:00:25]} 42. Re5+ {[%emt 0:00:52]} Kh4 {[%emt 0:00:10]} 43. Rf5 {[%emt 0:00:09]} Nh5 {[%emt 0:00:43]} 44. Rf7 {[%emt 0:00:19]} Kg3 {[%emt 0:00:10]} 45. d7 {[%emt 0:00:16]} f3+ {[%emt 0:00:13]} 46. Ke3 {[%emt 0:00:06]} Kg2 {[%emt 0:00:12]} 47. Bc6 {[%emt 0:00:28]} Ng3 {[%emt 0:00:13]} 48. Bxe4 {[%emt 0:00:22]} Nxe4 {[%emt 0:00:01]} 49. Kxe4 {[%emt 0:00:01]} f2 {[%emt 0:00:01]} 50. Rg7+ {[%emt 0:00:26]} Kh2 {[%emt 0:00:19]} 51. Rf7 {[%emt 0:00:22]} Kg2 {[%emt 0:00:02]} 52. Rg7+ {[%emt 0:01:05]} Kh2 {[%emt 0:00:01]} 53. Rf7 {[%emt 0:00:01]} Kg1 {[%emt 0:00:01]} 54. Rg7+ {[%emt 0:00:06]} 1/2-1/2

[Event "RUS-ch Men Rapid 2019"]
[Site "Sochi"]
[Date "2019.10.16"]
[Round "10.21"]
[White "Korchmar, Vasiliy"]
[Black "Yatzenko, Anton"]
[Result "0-1"]
[WhiteElo "2434"]
[BlackElo "2383"]
[Annotator "NA"]
[PlyCount "58"]
[EventDate "2019.10.15"]
[EventType "swiss"]
[EventCountry "RUS"]
[SourceTitle "playchess.com"]
[Source "ChessBase"]
[SourceQuality "1"]
[TimeControl "900+10"]

1. d4 {[%emt 0:00:00]} d5 {[%emt 0:00:00]} 2. c4 {[%emt 0:00:00]} dxc4 {[%emt 0:00:00]} 3. e3 {[%emt 0:00:00]} e5 {[%emt 0:00:00]} 4. Bxc4 {[%emt 0:00:00]} exd4 {[%emt 0:00:00]} 5. exd4 {[%emt 0:00:01]} Bd6 {[%emt 0:00:00]} 6. Nf3 {[%emt 0:00:11]} Nf6 {[%emt 0:00:00]} 7. Qe2+ {[%emt 0:00:03]} Qe7 {[%emt 0:00:00]} 8. Qxe7+ {[%emt 0:00:03]} Bxe7 {[%emt 0:00:23]} 9. O-O {[%emt 0:00:07]} O-O {[%emt 0:00:07]} 10. Nc3 {[%emt 0:00:03]} a6 {[%emt 0:00:24]} 11. Re1 {[%emt 0:00:12]} Bd6 {[%emt 0:00:02]} 12. Bg5 {[%emt 0:00:05]} Nbd7 {[%emt 0:00:41]} 13. Ne5 {[%emt 0:00:22]} Nb6 {[%emt 0:00:47]} 14. Bb3 {[%emt 0:00:09]} Be6 {[%emt 0:00:48]} 15. Bxf6 {[%emt 0:02:53]} gxf6 {[%emt 0:00:01]} 16. Nd3 {[%emt 0:00:03]} Bxb3 {[%emt 0:02:01]} 17. axb3 {[%emt 0:00:01]} Rad8 {[%emt 0:01:07]} 18. g3 {[%emt 0:05:16]} Kg7 {[%emt 0:00:36]} 19. Nc5 {[%emt 0:03:01]} Bxc5 {[%emt 0:00:32]} 20. dxc5 {[%emt 0:00:02]} Nd7 {[%emt 0:00:01]} 21. c6 {[%emt 0:02:49]} Ne5 {[%emt 0:00:26]} 22. Kg2 {[%emt 0:01:30]} Nxc6 23. Ne4 Nb4 {[%emt 0:02:33]} 24. Rec1 {[%emt 0:00:19]} Rfe8 {[%emt 0:04:05]} 25. Rc4 {[%emt 0:00:01]} Nd3 {[%emt 0:00:26]} 26. Nc3 {[%emt 0:00:44]} c6 {[%emt 0:00:27]} 27. Rg4+ {[%emt 0:01:02]} Kh8 {[%emt 0:00:03]} 28. Nd1 {[%emt 0:00:30]} Re1 {[%emt 0:00:23]} 29. Rb1 {[%emt 0:00:01]} Ne5 {[%emt 0:00:10]} 0-1